Évènements sportifs - Tous les 4 ans? - Statistiques

Statistiques générales
  • Ce quiz a été pris 156 fois
  • Le résultat moyen est 6 sur 10
Answers on the Grid
Answers color-coded by a green-red scale on the quiz's grid according to % correct below.
Championnat du monde de Handball féminin
Coupe du monde FIFA masculine
Coupe du monde FIFA féminine
Coupe d'Afrique des Nations
Mini transat (voile)
JO d'été
JO d'hiver
Grand prix automobile de Monaco
Copa Libertadores
Vendée Globe
Coupe du monde de rugby à XV
World Golf Championships
Championnat d'Europe de Football
Coupe du monde FIBA (Basket) masculine
Coupe du monde de baseball (arrêtée en 2011)
Championnats du monde de tennis de table
coupe d'Europe FIBA (Basket)
Championnat du monde de Cricket
Championnats d'Europe de natation
Route du Rhum
 
Statistiques - réponses
Réponse % Correct
Coupe du monde FIFA masculine
97%
JO d'été
93%
JO d'hiver
89%
Coupe du monde FIFA féminine
82%
Championnat d'Europe de Football
63%
Coupe du monde de rugby à XV
58%
Vendée Globe
31%
Coupe du monde FIBA (Basket) masculine
28%
Route du Rhum
22%
Championnat du monde de Cricket
9%
Aucun quiz correspondant
Distribution des résultats
% des personnes avec chaque résultat
Percentile par nombre de réponses
Votre historique - résultats
Vous n’avez pas pris ce quiz